00823cam a22002531 4500001001300000003000400013005001700017008004100034010001700075025001900092035002000111040001700131042001200148050001600160100002000176245018000196250001400376260004000390300003300430504003200463650003200495650002500527999001700552sa 67006926 DLC20260227112411.0841020s1965 ii a b 000 0 eng  asa 67006926  aPL480:I-E-6437 a(OCoLC)11288194 aDLCcWUdDLC apremarc00aBD450b.S541 aSivashankar, N.10aMan rediscovered;ba new approach to the nature of man; an attempt at a synthesis of ancient philosophies of religions and modern philosophies of sciencec[by] N. Sivashankar. a[1st ed.] aTrivandrum,bB. Sarada Ammac[1965] axxii, 258 p.billus.c23 cm. aBibliography: p. [251]-258. 0aPhilosophical anthropology. 0aHistoryxPhilosophy. c76241d76241